| 000 | 00685cam a2200241u 4500 | ||
|---|---|---|---|
| 001 | 17224 | ||
| 003 | BD-RjUL | ||
| 005 | 20211209000115.0 | ||
| 008 | 140216s1962 onca 001 0 eng | ||
| 035 | _a(BD-RjUL)17282 | ||
| 040 |
_aDLC _cCarP _dDLC _dBD-RjUL _beng |
||
| 041 | _aeng | ||
| 082 |
_a684 _bMIH 1962 |
||
| 100 | 1 |
_aMiller, H. G. _q(Harold Gordon), _d1915- _953105 |
|
| 245 | 1 | 0 |
_aHand and machine woodwork / _cH. G.Miller. |
| 260 |
_aToronto : _bMacmillan Co. of Canada, _cc1962. |
||
| 300 |
_a196 p. : _billus. ; _c23 cm. |
||
| 504 | _aIncludes Index. | ||
| 650 | 0 |
_aWoodwork (Manual training) _953106 |
|
| 942 |
_2ddc _cBK |
||
| 999 |
_c17224 _d17224 |
||